00929nam a2200301 a 450000100060000000300080000600500170001400800390003102000150007002000220008503500190010704000320012604100080015808200210016610000420018724500750022926000320030430000380033649000390037450000220041350400320043565000220046765000300048965000210051965000290054065000190056970000390058837129BD-RjUL20211209052600.0141019s1978 enkab b 001 0 eng a0333191986 a0333192117 (pbk.) a(BD-RjUL)37231 aDLCcDLCdDLCdBD-RjULbeng aeng00a301.36bPOI 19781 aPocock, Douglas Charles David,d1935-10aImages of the urban environment /c[by] Douglas Pocock and Ray Hudson. aLondon :bMacmillan,c1978. ax, 181 p. :bill., maps ;c23 cm.0 aFocal problems in geography series aIncludes indexes. aBibliography: p. [152]-174. 0aCities and towns. 0aUrban ecology (Sociology) 0aHuman geography. 0aGeographical perception. 0aCity planning.1 aHudson, Ray,d1948-ejoint author.